00509nam a2200193Ia 4500008004100000020001800041050001400059100002200073245002300095245004100118245005500159260001500214260001600229260000900245300001600254300002700270300001000297500000800307170918s9999 xx 000 0 und d a9780590453165 bH523 1948 aHenry, Marguerite aKing of the wind : bthe story of the Godolphin Arabian / cMarguerite Henry ; illustrations by Wesley Dennis. aNew York : bScholastic, c1948 a192 pages : bcolored illustration ; c19cm. a830